Loading...
The illustrated cultural history of India /
| Other Authors: | |
|---|---|
| Format: | Printed Book |
| Published: |
New Delhi ; New York :
Oxford University Press,
2007.
|
| Subjects: | |
| Online Access: | http://www.loc.gov/catdir/enhancements/fy0907/2007340815-d.html http://www.loc.gov/catdir/enhancements/fy0907/2007340815-t.html |
| LEADER | 00784cam a2200193 a 4500 | ||
|---|---|---|---|
| 999 | |c 39960 |d 39960 | ||
| 020 | |a 9780195691924 | ||
| 020 | |a 019569192X | ||
| 082 | |a 954 |b THE | ||
| 245 | 0 | 4 | |a The illustrated cultural history of India / |
| 260 | |a New Delhi ; |a New York : |b Oxford University Press, |c 2007. | ||
| 300 | |a viii, 300 p. : |b ill., maps ; | ||
| 500 | |a Adaptation of: Cultural history of India / edited by A.L. Basham, 1975. | ||
| 650 | |a History - India | ||
| 700 | 1 | |a Basham, A. L, Ed. | |
| 856 | 4 | 2 | |u http://www.loc.gov/catdir/enhancements/fy0907/2007340815-d.html |
| 856 | 4 | 1 | |u http://www.loc.gov/catdir/enhancements/fy0907/2007340815-t.html |
| 942 | |c BK | ||
| 952 | |0 0 |1 0 |4 0 |6 954_000000000000000_THE |7 0 |9 51149 |a KU |b KU |d 2015-07-05 |g 345.00 |l 1 |o 954 THE |p EN14986 |r 2017-02-13 |s 2016-12-20 |y BK | ||